Normal view
MARC view
- Dar, M Asad
Entry Personal Name
001 - CONTROL NUMBER
- control field: 122734
003 - CONTROL NUMBER IDENTIFIER
- control field: NUST
005 - DATE AND TIME OF LATEST TRANSACTION
- control field: 20240520095925.0
008 - FIXED-LENGTH DATA ELEMENTS
- fixed length control field: 240520|| aca||aabn | a|a d
040 ## - CATALOGING SOURCE
- Original cataloging agency: NUST
- Transcribing agency: NUST
100 ## - HEADING--PERSONAL NAME
- Personal name: Dar, M Asad
670 ## - SOURCE DATA FOUND
- Source citation: Work cat.: (NUST): Dar, M Asad , EXPERIMENTAL ANALYSIS OF WELDING PARAMETERS OF WELDING JOINT OF AUSTENATIC STEEL (300 SERIES) BY TIG WELDING /
